-
ASWATHAPPA,K AND SUDARSANA,REDDY
Entry Personal Name
Number of records used in: 1
001 - CONTROL NUMBER
003 - CONTROL NUMBER IDENTIFIER
005 - DATE AND TIME OF LATEST TRANSACTION
- control field:
20221215130656.0
008 - FIXED-LENGTH DATA ELEMENTS
- fixed length control field:
221215|| aca||aabn | a|a d
040 ## - CATALOGING SOURCE
- Original cataloging agency:
OSt
- Transcribing agency:
OSt
100 ## - HEADING--PERSONAL NAME
- Personal name:
ASWATHAPPA,K AND SUDARSANA,REDDY
670 ## - SOURCE DATA FOUND
- Source citation:
Work cat.: (OSt)8041: ASWATHAPPA,K AND SUDARSANA,REDDY, MANAGEMENT AND ORGANISATIONAL BEHAVIOUR, 2020